Cantos de aves de la cordillera oriental de Colombia (Registro nro. 2168)

Detalles MARC
000 -CABECERA
Campo de control 00648nim a2200205 a 4500
005 - FECHA Y HORA DE LA ULTIMA TRANSACCION
Campo de control 20170215171102.0
008 - ELEMENTOS DE LONGITUD FIJA—INFORMACION GENERAL
Campo de control 140121b2000 ck ||||| |||| 00| 0 spa d
020 ## - ISBN
ISBN 9680677
040 ## - FUENTE DE CATALOGACIÓN
Agencia catalogadora original CO-BoIAVH
Agencia transcriptora CO-BoIAVH
041 ## - IDIOMA
Código de idioma para texto/pista de sonido o título separado Español
090 ## - CLASIFICACIÓN LOCAL
Colección S-
Consecutivo 0005
100 1# - ASIENTO PRINCIPAL--NOMBRE PERSONAL
Nombre personal Alvarez R., Mauricio
Término relacionado autor
245 10 - MENCION DE TITULO
Título Cantos de aves de la cordillera oriental de Colombia
257 ## - PAIS DE LA ENTIDAD PRODUCTORA DE FILMES DE ARCHIVO
País de la entidad productora Colombia
264 ## - Producción, Publicación, Distribución, Fabricación y Aviso de copyright
Lugar de producción, publicación, etc Bogotá:
Nombre del productor, editor, etc. Instituto de Investigación de Recursos Biológicos Alexander von Humboldt,
Fecha de la producción, publicación, etc. (s.f.)
300 ## - DESCRIPCION FISICA
Extensión 1 DVD
Otros detalles físicos 59 archivos sonoros
650 ## - ASIENTO SECUNDARIO DE MATERIA - TERMINO TEMATICO
Término temático o nombre geográfico como elemento de entrada Cantos de aves
Subdivisión geográfica colombia
650 ## - ASIENTO SECUNDARIO DE MATERIA - TERMINO TEMATICO
Término temático o nombre geográfico como elemento de entrada Aves
Subdivisión geográfica colombia
942 ## - ELEMENTOS ADICIONALES (KOHA)
Tipo de ítem DVD
Sistema de clasificación Local
Existencias
Withdrawn status Lost status Sistema de Clasificación Damaged status No para préstamo Colección Ubicación Permanente Ubicación actual Fecha de adquisición Fuente de adquisición Total Checkouts Número topográfico Inventario / Código de Barras Date last seen Ejemplar Price effective from Forma de adquisición Tipo de material
    Local     Audiovisual Bogotá Bogotá 15/03/2001 Alvaréz, Mauricio   S-0005 004104 04/12/2012 Ej. 1 04/12/2012 Institucional DVD
    Local   No para Préstamo Humboldt Bogotá Bogotá 15/03/2001 Alvaréz, Mauricio   S-0005 004106 04/12/2012 Ej. 3 04/12/2012 Institucional DVD
    Local     Audiovisual Bogotá Bogotá 09/02/2015     IAVH-00160 038510 09/02/2015 Ej. 1 09/02/2015 Institucional CD-ROM